000 00530nmm a2200181Ia 4500
008 251105s9999||||xx |||||||||||||||||und||
041 _aspa
100 _aXianzu, Tang
245 0 _aEl Pabellón de las peonías
264 _a[Madrid, España] :
_bEditorial Popular,
_c2018
300 _a93 páginas
490 _aCLASICOS ILUSTRADOS
650 _aGraphic novels (Comics)
700 _aXianzu, Tang
700 1 _a Hernández Cáceres, José Luis
856 _uhttps://public.digitaliapublishing.com/a/155618
942 _cCF
999 _c72675
_d72675